[Event "Chess Week in Przeworsk"]
[Site "Przeworsk"]
[Date "2022.05.31"]
[Round "3.2"]
[White "Licznerski, Lukasz"]
[Black "Neugebauer, Martin"]
[Result "1-0"]
[BlackElo "2505"]
[WhiteElo "2439"]
[LiveChessVersion "1.4.8"]

1. e4 {[%clk 1:29:14]} c5 {[%clk 1:30:40]} 2. Nf3 {[%clk 1:29:39]} d6
{[%clk 1:30:29]} 3. d4 {[%clk 1:29:59]} cxd4 {[%clk 1:30:53]} 4. Nxd4
{[%clk 1:30:25]} Nf6 {[%clk 1:31:06]} 5. Nc3 {[%clk 1:30:53]} a6 {[%clk 1:31:07]}
6. Be2 {[%clk 1:31:12]} e5 {[%clk 1:30:49]} 7. Nf3 {[%clk 1:31:36]} Be7
{[%clk 1:30:13]} 8. Bg5 {[%clk 1:32:03]} Nbd7 {[%clk 1:30:19]} 9. a4
{[%clk 1:32:17]} Qb6 {[%clk 1:29:12]} 10. a5 {[%clk 1:24:17]} Qxb2
{[%clk 1:12:20]} 11. Bd2 {[%clk 1:22:19]} Qb4 {[%clk 1:12:30]} 12. Nd5
{[%clk 1:20:15]} Qc5 {[%clk 1:12:38]} 13. Bb4 {[%clk 1:20:37]} Qc6
{[%clk 1:12:44]} 14. Nxe7 {[%clk 1:20:01]} Kxe7 {[%clk 1:13:09]} 15. Nxe5
{[%clk 1:15:40]} Nxe5 {[%clk 1:11:58]} 16. f4 {[%clk 1:16:09]} Nc4
{[%clk 1:02:52]} 17. Bxc4 {[%clk 0:43:32]} Qxe4+ {[%clk 1:03:12]} 18. Qe2
{[%clk 0:44:01]} Be6 {[%clk 1:02:21]} 19. Qxe4 {[%clk 0:44:24]} Nxe4
{[%clk 1:02:44]} 20. Bd3 {[%clk 0:44:00]} Nc5 {[%clk 0:53:25]} 21. Bxc5
{[%clk 0:43:09]} dxc5 {[%clk 0:53:50]} 22. Be4 {[%clk 0:40:26]} Rab8
{[%clk 0:53:57]} 23. Rb1 {[%clk 0:34:12]} Kd6 {[%clk 0:54:03]} 24. O-O
{[%clk 0:32:12]} Kc7 {[%clk 0:53:42]} 25. Rb6 {[%clk 0:30:55]} Rhd8 26. Rfb1
{[%clk 0:27:14]} Bd5 {[%clk 0:49:32]} 27. Bxh7 {[%clk 0:26:59]} Bc6
{[%clk 0:39:34]} 28. Bd3 {[%clk 0:20:20]} Re8 {[%clk 0:39:13]} 29. R6b3
{[%clk 0:16:46]} Rbd8 {[%clk 0:38:07]} 30. Rc3 {[%clk 0:15:41]} Rd5
{[%clk 0:36:08]} 31. Kf2 {[%clk 0:11:45]} Rd4 {[%clk 0:31:39]} 32. Rxc5
{[%clk 0:07:48]} Rxf4+ {[%clk 0:32:01]} 33. Kg1 {[%clk 0:05:17]} f6
{[%clk 0:32:13]} 34. Rh5 {[%clk 0:03:57]} Re5 {[%clk 0:30:31]} 35. Rxe5
{[%clk 0:01:15]} fxe5 {[%clk 0:30:59]} 36. Ra1 {[%clk 0:01:22]} Kd6
{[%clk 0:27:42]} 37. g3 {[%clk 0:01:41]} Rd4 {[%clk 0:27:08]} 38. Kf2
{[%clk 0:01:58]} Kc5 {[%clk 0:24:07]} 39. Ke3 {[%clk 0:02:17]} Kb4
{[%clk 0:22:51]} 40. c4 {[%clk 0:30:48]} Rg4 {[%clk 0:50:05]} 41. Be2
{[%clk 0:27:11]} Rg5 {[%clk 0:48:49]} 42. g4 {[%clk 0:26:11]} e4 {[%clk 0:42:43]}
43. h4 {[%clk 0:24:46]} Rxa5 {[%clk 0:39:55]} 44. Rxa5 {[%clk 0:24:16]} Kxa5
{[%clk 0:40:23]} 45. h5 {[%clk 0:24:45]} Kb4 {[%clk 0:40:25]} 46. g5
{[%clk 0:25:05]} Be8 {[%clk 0:40:33]} 47. Kxe4 {[%clk 0:21:20]} a5
{[%clk 0:40:27]} 48. Kf5 {[%clk 0:21:28]} g6+ {[%clk 0:40:03]} 49. hxg6
{[%clk 0:20:35]} a4 {[%clk 0:38:56]} 50. g7 {[%clk 0:18:16]} Bf7 {[%clk 0:39:23]}
51. Kf6 {[%clk 0:17:11]} Bg8 {[%clk 0:39:48]} 52. Ke7 {[%clk 0:15:20]} a3
{[%clk 0:39:27]} 53. Kf8 {[%clk 0:15:46]} Be6 {[%clk 0:38:07]} 54. Ke7
{[%clk 0:16:01]} Bg8 {[%clk 0:38:30]} 55. Kf8 {[%clk 0:16:28]} Be6
{[%clk 0:38:56]} 56. Bh5 {[%clk 0:15:44]} a2 {[%clk 0:37:08]} 57. Bf7
{[%clk 0:15:57]} Bxf7 {[%clk 0:37:16]} 58. Kxf7 {[%clk 0:16:25]} a1=Q
{[%clk 0:37:38]} 59. g8=Q Qf1+ {[%clk 0:36:10]} 60. Ke7 {[%clk 0:16:12]} Qf5
{[%clk 0:34:32]} 61. Qd5 {[%clk 0:14:56]} Qh7+ {[%clk 0:34:57]} 62. Qf7
{[%clk 0:08:18]} Qh4 {[%clk 0:35:13]} 63. Qd5 {[%clk 0:07:44]} Qh7+
{[%clk 0:35:09]} 64. Kf6 {[%clk 0:07:33]} Qh8+ {[%clk 0:35:18]} 65. Kg6
{[%clk 0:07:12]} b6 {[%clk 0:33:41]} 66. Qc6 {[%clk 0:03:12]} Qd8
{[%clk 0:31:49]} 67. Qb5+ {[%clk 0:03:09]} Ka3 {[%clk 0:29:37]} 68. Qd5
{[%clk 0:03:23]} Qe8+ {[%clk 0:28:47]} 69. Kg7 {[%clk 0:03:06]} Qe7+
{[%clk 0:29:06]} 70. Kh6 {[%clk 0:03:28]} Qf8+ {[%clk 0:29:17]} 71. Kh5
{[%clk 0:03:40]} Qh8+ {[%clk 0:29:19]} 72. Kg4 {[%clk 0:04:00]} Qc8+
{[%clk 0:29:26]} 73. Kf4 {[%clk 0:03:35]} Qf8+ {[%clk 0:29:35]} 74. Qf5
{[%clk 0:02:21]} Qd6+ {[%clk 0:30:01]} 75. Qe5 {[%clk 0:02:26]} Qf8+
{[%clk 0:29:07]} 76. Qf6 {[%clk 0:02:19]} Qb8+ {[%clk 0:29:15]} 77. Kf5
{[%clk 0:02:15]} Qc8+ {[%clk 0:29:28]} 78. Qe6 {[%clk 0:02:39]} Qc5+
{[%clk 0:28:49]} 79. Kg6 {[%clk 0:02:49]} Kb4 {[%clk 0:28:19]} 80. Qf7
{[%clk 0:02:02]} Ka3 {[%clk 0:27:31]} 81. Kh6 {[%clk 0:02:01]} Qe3
{[%clk 0:27:41]} 82. Qf6 {[%clk 0:00:55]} Qh3+ {[%clk 0:27:37]} 83. Kg7
{[%clk 0:01:07]} Qd7+ {[%clk 0:27:53]} 84. Kg8 {[%clk 0:01:22]} Ka2
{[%clk 0:26:58]} 85. g6 {[%clk 0:00:55]} Qe8+ {[%clk 0:20:27]} 86. Kh7
{[%clk 0:01:21]} Qd7+ {[%clk 0:20:36]} 87. Qf7 {[%clk 0:01:08]} Qh3+
{[%clk 0:21:00]} 88. Kg8 {[%clk 0:01:23]} Qc8+ {[%clk 0:21:17]} 89. Kg7
{[%clk 0:01:44]} Qc5 {[%clk 0:19:39]} 90. Qd5 {[%clk 0:01:22]} Qc7+
{[%clk 0:19:04]} 91. Kg8 {[%clk 0:01:24]} Qb8+ {[%clk 0:19:24]} 92. Kh7
{[%clk 0:01:46]} Qh2+ {[%clk 0:19:43]} 93. Kg7 {[%clk 0:02:14]} Qc7+
{[%clk 0:19:58]} 94. Kf6 {[%clk 0:02:26]} Qf4+ {[%clk 0:19:56]} 95. Ke7
{[%clk 0:02:31]} Qc7+ {[%clk 0:19:52]} 96. Ke6 {[%clk 0:02:40]} Qc8+
{[%clk 0:18:51]} 97. Kf6 {[%clk 0:03:07]} Qf8+ {[%clk 0:19:10]} 98. Kg5
{[%clk 0:02:47]} Qe7+ {[%clk 0:19:28]} 99. Kf5 {[%clk 0:03:03]} Qf8+
{[%clk 0:19:29]} 100. Kg4 {[%clk 0:03:22]} Ka3 {[%clk 0:18:23]} 101. Qf3+
{[%clk 0:03:49]} 1-0

[Event "Chess Week in Przeworsk"]
[Site "Przeworsk"]
[Date "2022.05.31"]
[Round "3.3"]
[White "Baum, Jonasz"]
[Black "Mis, Mieszko"]
[Result "0-1"]
[BlackElo "2388"]
[WhiteElo "2409"]
[LiveChessVersion "1.4.8"]

1. e4 {[%clk 1:30:55]} c5 {[%clk 1:29:58]} 2. Nf3 {[%clk 1:30:57]} e6
{[%clk 1:30:02]} 3. d4 {[%clk 1:31:17]} cxd4 {[%clk 1:30:26]} 4. Nxd4
{[%clk 1:31:43]} a6 {[%clk 1:30:30]} 5. Be2 {[%clk 1:27:01]} Nf6 {[%clk 1:26:39]}
6. Nc3 {[%clk 1:26:57]} Qc7 {[%clk 1:25:42]} 7. O-O {[%clk 1:25:26]} d6
{[%clk 1:25:05]} 8. Be3 {[%clk 1:22:27]} b5 {[%clk 1:22:44]} 9. f4
{[%clk 1:16:18]} Nbd7 {[%clk 1:11:15]} 10. Bf3 {[%clk 0:50:21]} Bb7
{[%clk 1:11:12]} 11. Qe1 {[%clk 0:42:59]} Nc5 {[%clk 0:52:28]} 12. Bf2
{[%clk 0:25:54]} b4 {[%clk 0:52:33]} 13. Nd5 {[%clk 0:22:19]} exd5
{[%clk 0:48:12]} 14. exd5+ {[%clk 0:22:47]} Be7 {[%clk 0:44:39]} 15. Nf5
{[%clk 0:22:44]} Kf8 {[%clk 0:43:00]} 16. Qxe7+ {[%clk 0:21:15]} Qxe7
{[%clk 0:43:22]} 17. Nxe7 {[%clk 0:21:44]} Kxe7 {[%clk 0:39:56]} 18. Bxc5
{[%clk 0:22:12]} dxc5 {[%clk 0:40:24]} 19. d6+ {[%clk 0:22:36]} Kxd6
{[%clk 0:40:52]} 20. Bxb7 {[%clk 0:23:02]} Ra7 {[%clk 0:41:20]} 21. Bf3
{[%clk 0:22:38]} Re7 {[%clk 0:40:18]} 22. a3 {[%clk 0:21:58]} Ra7
{[%clk 0:27:27]} 23. Rfd1+ {[%clk 0:17:42]} Kc7 {[%clk 0:16:33]} 24. axb4
{[%clk 0:17:49]} cxb4 {[%clk 0:16:41]} 25. Rd4 {[%clk 0:17:58]} Rb8
{[%clk 0:16:41]} 26. Rad1 {[%clk 0:10:45]} a5 {[%clk 0:15:38]} 27. Rc4+
{[%clk 0:10:23]} Kb6 {[%clk 0:16:06]} 28. Rd6+ {[%clk 0:05:52]} Kb5
{[%clk 0:16:34]} 29. Be2 {[%clk 0:05:49]} Re8 {[%clk 0:16:16]} 30. Bd3
{[%clk 0:04:19]} Ka4 {[%clk 0:16:37]} 31. Rdd4 {[%clk 0:02:25]} Re1+
{[%clk 0:14:59]} 32. Bf1 {[%clk 0:02:42]} Rb1 {[%clk 0:13:57]} 33. Rc5
{[%clk 0:01:39]} Ng4 {[%clk 0:04:02]} 34. Rd3 {[%clk 0:00:37]} Nxh2
{[%clk 0:01:55]} 35. Kxh2 {[%clk 0:01:06]} Rxf1 {[%clk 0:02:21]} 36. Rc8
{[%clk 0:00:58]} Rb1 {[%clk 0:01:20]} 37. Rb3 {[%clk 0:01:17]} Rb7
{[%clk 0:00:52]} 38. Ra8 {[%clk 0:00:33]} Rc1 {[%clk 0:00:35]} 39. Rg3
{[%clk 0:00:36]} g6 {[%clk 0:00:33]} 40. c4 {[%clk 0:30:34]} b3 {[%clk 0:30:32]}
41. Rd3 {[%clk 0:25:17]} Rxc4 {[%clk 0:29:59]} 42. Rd1 {[%clk 0:25:41]} Kb4
{[%clk 0:29:49]} 43. Kg3 {[%clk 0:26:07]} Rc2 {[%clk 0:21:11]} 44. Rd4+
{[%clk 0:25:58]} Kc5 {[%clk 0:21:24]} 45. Rdd8 {[%clk 0:25:35]} Rxb2
{[%clk 0:20:36]} 46. Rxa5+ {[%clk 0:25:57]} Kb4 {[%clk 0:20:57]} 47. Re5
{[%clk 0:26:04]} Rc2 {[%clk 0:20:56]} 48. Rd4+ {[%clk 0:25:48]} Rc4
{[%clk 0:21:19]} 49. Rd2 {[%clk 0:26:11]} Ka3 {[%clk 0:21:10]} 50. Re3
{[%clk 0:25:57]} Rbb4 {[%clk 0:20:42]} 51. Rf3 {[%clk 0:25:36]} Ka4 52. Rb2
{[%clk 0:25:22]} Rc2 {[%clk 0:20:01]} 0-1

[Event "Chess Week in Przeworsk"]
[Site "Przeworsk"]
[Date "2022.05.31"]
[Round "3.4"]
[White "Mikrut, Dariusz"]
[Black "Omelja, Artem"]
[Result "1/2-1/2"]
[BlackElo "2515"]
[WhiteElo "2361"]
[LiveChessVersion "1.4.8"]

1. d4 {[%clk 1:30:58]} d5 {[%clk 1:30:42]} 2. c4 {[%clk 1:31:24]} e6
{[%clk 1:31:07]} 3. Nf3 {[%clk 1:31:47]} Nf6 {[%clk 1:31:27]} 4. Nc3
{[%clk 1:32:09]} Be7 {[%clk 1:31:46]} 5. Bg5 {[%clk 1:32:28]} h6 {[%clk 1:31:36]}
6. Bh4 {[%clk 1:32:30]} O-O {[%clk 1:31:52]} 7. e3 {[%clk 1:32:54]} b6
{[%clk 1:31:36]} 8. cxd5 {[%clk 1:27:02]} Nxd5 {[%clk 1:31:33]} 9. Bxe7
{[%clk 1:27:20]} Qxe7 {[%clk 1:31:35]} 10. Nxd5 {[%clk 1:27:37]} exd5
{[%clk 1:31:57]} 11. Qb3 {[%clk 1:26:19]} Be6 {[%clk 1:30:30]} 12. Rc1
{[%clk 1:26:31]} c5 {[%clk 1:30:33]} 13. Qa3 {[%clk 1:26:49]} Rc8
{[%clk 1:30:50]} 14. Be2 {[%clk 1:23:31]} Kf8 {[%clk 1:29:35]} 15. dxc5
{[%clk 1:18:17]} bxc5 {[%clk 1:29:32]} 16. O-O {[%clk 1:17:34]} Nd7
{[%clk 1:29:35]} 17. Nd2 {[%clk 1:05:54]} c4 {[%clk 1:24:28]} 18. Qc3
{[%clk 1:03:37]} Rab8 {[%clk 1:23:33]} 19. b3 {[%clk 0:54:50]} Nb6
{[%clk 1:22:35]} 20. Qd4 {[%clk 0:43:24]} Qc5 {[%clk 1:22:36]} 21. Nf3
{[%clk 0:40:47]} Qxd4 {[%clk 1:20:54]} 22. Nxd4 {[%clk 0:41:02]} Bd7
{[%clk 1:21:05]} 23. Rc2 {[%clk 0:40:07]} cxb3 {[%clk 1:19:51]} 24. Rxc8+
{[%clk 0:40:29]} Rxc8 {[%clk 1:20:13]} 25. axb3 {[%clk 0:40:56]} a5
{[%clk 1:20:21]} 26. Bf3 {[%clk 0:41:07]} g6 {[%clk 1:20:13]} 27. h4
{[%clk 0:41:29]} h5 {[%clk 1:20:31]} 28. Ra1 {[%clk 0:41:54]} Rc5
{[%clk 1:20:51]} 29. Kh2 {[%clk 0:42:07]} a4 {[%clk 1:19:33]} 30. bxa4
{[%clk 0:42:18]} Bxa4 {[%clk 1:19:36]} 31. Rb1 {[%clk 0:41:37]} Nc4
{[%clk 1:18:34]} 32. Rb7 {[%clk 0:30:10]} Ra5 {[%clk 1:13:04]} 33. Kg3
{[%clk 0:26:00]} Ne5 {[%clk 1:12:49]} 34. Rc7 {[%clk 0:25:01]} Kg7
{[%clk 1:09:38]} 35. Be2 {[%clk 0:22:45]} Kf6 {[%clk 1:09:07]} 36. Kf4
{[%clk 0:16:12]} Nd7 {[%clk 1:08:46]} 37. Rc1 {[%clk 0:04:25]} Rc5
{[%clk 1:00:57]} 38. Ra1 {[%clk 0:03:34]} Nb6 {[%clk 1:01:15]} 39. Rb1
{[%clk 0:03:27]} Nd7 {[%clk 0:58:59]} 40. Rb7 {[%clk 0:31:56]} Nf8
{[%clk 1:28:32]} 41. Ra7 {[%clk 0:24:06]} Bd7 {[%clk 1:28:34]} 42. Kg3
{[%clk 0:24:16]} Bc8 {[%clk 1:27:00]} 43. Ra2 {[%clk 0:21:11]} Ke5 1/2-1/2

[Event "Chess Week in Przeworsk"]
[Site "Przeworsk"]
[Date "2022.05.31"]
[Round "3.5"]
[White "Teclaf, Pawel"]
[Black "Fus, Jakub"]
[Result "1-0"]
[BlackElo "2378"]
[WhiteElo "2537"]
[LiveChessVersion "1.4.8"]

1. e4 {[%clk 1:30:57]} c6 {[%clk 1:29:58]} 2. d4 {[%clk 1:31:22]} d5
{[%clk 1:30:15]} 3. exd5 {[%clk 1:31:47]} cxd5 {[%clk 1:30:38]} 4. Bd3
{[%clk 1:32:14]} Nc6 {[%clk 1:30:46]} 5. c3 {[%clk 1:32:38]} Nf6 {[%clk 1:30:53]}
6. h3 {[%clk 1:33:03]} e5 {[%clk 1:28:43]} 7. dxe5 {[%clk 1:33:09]} Nxe5
{[%clk 1:29:05]} 8. Nf3 {[%clk 1:33:31]} Nxd3+ {[%clk 1:28:31]} 9. Qxd3
{[%clk 1:33:42]} Bd6 {[%clk 1:26:33]} 10. O-O {[%clk 1:31:22]} O-O
{[%clk 1:26:51]} 11. Bg5 {[%clk 1:21:59]} h6 {[%clk 1:12:15]} 12. Bxf6
{[%clk 1:15:17]} Qxf6 {[%clk 1:12:38]} 13. Nbd2 {[%clk 1:15:22]} Rd8
{[%clk 1:09:49]} 14. Rad1 {[%clk 1:07:39]} Bf5 {[%clk 1:08:40]} 15. Qd4
{[%clk 1:05:34]} Qxd4 {[%clk 1:08:17]} 16. Nxd4 {[%clk 1:05:55]} Bd3
{[%clk 1:07:53]} 17. Rfe1 {[%clk 1:06:03]} Re8 {[%clk 1:07:20]} 18. Nf1
{[%clk 0:59:49]} Rxe1 {[%clk 0:44:09]} 19. Rxe1 {[%clk 0:58:34]} Rd8
{[%clk 0:44:13]} 20. Rd1 {[%clk 0:54:38]} Be4 {[%clk 0:41:38]} 21. Nd2
{[%clk 0:43:40]} Bg6 {[%clk 0:36:01]} 22. N2b3 {[%clk 0:42:09]} a6
{[%clk 0:29:09]} 23. Kf1 {[%clk 0:40:45]} Be7 {[%clk 0:23:57]} 24. Ne2
{[%clk 0:32:14]} Bc2 {[%clk 0:21:52]} 25. Rd2 {[%clk 0:23:57]} Bxb3
{[%clk 0:17:38]} 26. axb3 {[%clk 0:21:24]} Bg5 {[%clk 0:18:05]} 27. Rd1
{[%clk 0:20:34]} Kf8 {[%clk 0:18:15]} 28. b4 {[%clk 0:19:57]} Ke7
{[%clk 0:17:22]} 29. Nd4 {[%clk 0:15:26]} Bf6 {[%clk 0:17:26]} 30. Nb3
{[%clk 0:15:32]} Kd6 {[%clk 0:17:34]} 31. Ke2 {[%clk 0:15:31]} Kc6
{[%clk 0:16:00]} 32. Kd3 {[%clk 0:15:38]} Re8 {[%clk 0:16:08]} 33. Ra1
{[%clk 0:13:45]} Ra8 {[%clk 0:15:43]} 34. Ra5 {[%clk 0:13:18]} Rd8
{[%clk 0:14:01]} 35. Nd4+ {[%clk 0:10:37]} Kb6 {[%clk 0:09:28]} 36. Nf5
{[%clk 0:08:50]} Ka7 {[%clk 0:09:41]} 37. g4 {[%clk 0:05:27]} b6 {[%clk 0:08:32]}
38. Ra1 {[%clk 0:05:46]} Kb7 {[%clk 0:08:34]} 39. f4 {[%clk 0:05:09]} g6
{[%clk 0:06:04]} 40. Nxh6 {[%clk 0:34:17]} Rh8 {[%clk 0:36:30]} 41. g5
{[%clk 0:28:46]} Bg7 {[%clk 0:36:51]} 42. Nxf7 {[%clk 0:29:08]} Rxh3+
{[%clk 0:35:56]} 43. Kc2 {[%clk 0:27:08]} d4 {[%clk 0:34:21]} 44. Nd8+
{[%clk 0:25:04]} Kc8 {[%clk 0:33:39]} 45. Ne6 {[%clk 0:25:12]} Bh8
{[%clk 0:33:06]} 46. cxd4 {[%clk 0:22:10]} Kd7 {[%clk 0:32:36]} 47. Nf8+
{[%clk 0:19:30]} Kc6 {[%clk 0:33:01]} 48. Rd1 {[%clk 0:18:37]} Kd5
{[%clk 0:31:49]} 49. Nxg6 {[%clk 0:18:53]} Bxd4 {[%clk 0:32:12]} 50. Ne7+
{[%clk 0:18:53]} Ke4 {[%clk 0:32:35]} 51. Rxd4+ {[%clk 0:19:16]} Kxd4
{[%clk 0:33:00]} 52. g6 {[%clk 0:19:44]} Rh2+ {[%clk 0:30:54]} 53. Kb1
{[%clk 0:19:43]} Rg2 {[%clk 0:30:34]} 54. g7 {[%clk 0:20:06]} Rxg7
{[%clk 0:30:12]} 55. Nf5+ {[%clk 0:20:32]} Ke4 {[%clk 0:30:39]} 56. Nxg7
{[%clk 0:20:58]} Kxf4 {[%clk 0:31:06]} 57. Kc2 {[%clk 0:19:25]} Ke5
{[%clk 0:31:33]} 58. Kc3 {[%clk 0:19:51]} Kd5 {[%clk 0:32:00]} 59. Nf5
{[%clk 0:20:13]} 1-0

[Event "Chess Week in Przeworsk"]
[Site "Przeworsk"]
[Date "2022.06.05"]
[Round "4.1"]
[White "Stefansson, Hannes"]
[Black "Fus, Jakub"]
[Result "1-0"]
[BlackElo "2378"]
[WhiteElo "2534"]
[LiveChessVersion "1.4.8"]

1. e4 {[%clk 1:30:51]} e5 {[%clk 1:30:46]} 2. Nf3 {[%clk 1:31:01]} Nc6
{[%clk 1:30:59]} 3. Bb5 {[%clk 1:31:07]} a6 {[%clk 1:31:10]} 4. Ba4
{[%clk 1:31:23]} d6 {[%clk 1:31:26]} 5. c3 {[%clk 1:30:54]} Bd7 {[%clk 1:31:28]}
6. d4 {[%clk 1:29:37]} Nge7 {[%clk 1:20:33]} 7. Be3 {[%clk 1:17:41]} Ng6
{[%clk 1:19:01]} 8. h4 {[%clk 1:17:16]} Be7 {[%clk 1:13:37]} 9. h5
{[%clk 1:12:47]} Nh4 {[%clk 1:12:16]} 10. Nxh4 {[%clk 1:13:10]} Bxh4
{[%clk 1:12:42]} 11. d5 {[%clk 1:11:49]} Nb8 {[%clk 1:12:55]} 12. Bxd7+
{[%clk 1:11:34]} Nxd7 {[%clk 1:13:20]} 13. Qg4 {[%clk 1:11:42]} Bf6
{[%clk 1:13:43]} 14. Nd2 {[%clk 1:05:11]} Nc5 {[%clk 1:03:33]} 15. Bxc5
{[%clk 0:58:42]} dxc5 {[%clk 1:03:58]} 16. Nc4 {[%clk 0:57:57]} Qd7
{[%clk 0:53:09]} 17. Qg3 {[%clk 0:58:01]} O-O {[%clk 0:51:19]} 18. a4
{[%clk 0:46:47]} Rfe8 {[%clk 0:46:30]} 19. a5 {[%clk 0:46:06]} Qb5
{[%clk 0:45:25]} 20. Qd3 {[%clk 0:45:59]} Bg5 {[%clk 0:38:58]} 21. Rh3
{[%clk 0:44:30]} Rad8 {[%clk 0:35:40]} 22. Rf3 {[%clk 0:41:37]} Qd7
{[%clk 0:27:39]} 23. Qe2 {[%clk 0:39:54]} g6 {[%clk 0:26:37]} 24. Kd1
{[%clk 0:35:39]} c6 {[%clk 0:14:28]} 25. Nb6 {[%clk 0:29:23]} Qe6
{[%clk 0:11:59]} 26. c4 {[%clk 0:28:18]} Rd6 {[%clk 0:10:43]} 27. Rd3
{[%clk 0:25:36]} Qe7 {[%clk 0:10:03]} 28. Kc2 {[%clk 0:25:12]} f5
{[%clk 0:06:40]} 29. hxg6 {[%clk 0:24:05]} hxg6 {[%clk 0:05:07]} 30. Rh1
{[%clk 0:23:35]} fxe4 {[%clk 0:02:37]} 31. Rdh3 {[%clk 0:22:58]} Bf6
{[%clk 0:03:03]} 32. Qg4 {[%clk 0:20:20]} Bg7 {[%clk 0:03:21]} 33. Re3
{[%clk 0:17:09]} Qf7 {[%clk 0:02:47]} 34. Qh4 {[%clk 0:16:15]} Rf6
{[%clk 0:03:04]} 35. Re2 {[%clk 0:15:41]} e3 {[%clk 0:03:29]} 36. fxe3
{[%clk 0:15:48]} e4 {[%clk 0:03:56]} 37. Rd2 {[%clk 0:15:27]} cxd5
{[%clk 0:03:03]} 38. Nxd5 {[%clk 0:15:26]} Rf5 {[%clk 0:02:53]} 39. g4
{[%clk 0:13:38]} Rf3 {[%clk 0:01:11]} 40. Rdh2 {[%clk 0:43:44]} Qe6
{[%clk 0:30:46]} 41. Kb3 {[%clk 0:28:11]} Qe5 {[%clk 0:24:56]} 42. g5
{[%clk 0:20:57]} Kf7 {[%clk 0:22:04]} 43. Qg4 {[%clk 0:21:10]} Qf5
{[%clk 0:21:33]} 44. Qg1 {[%clk 0:21:13]} Re5 {[%clk 0:18:40]} 45. Rd2
{[%clk 0:18:53]} Qxg5 {[%clk 0:17:33]} 46. Qd1 {[%clk 0:19:11]} Qf5
{[%clk 0:15:45]} 47. Ka2 {[%clk 0:19:05]} g5 {[%clk 0:13:28]} 48. Rg1
{[%clk 0:19:22]} Re6 {[%clk 0:12:09]} 49. Qb3 {[%clk 0:18:52]} Rd6
{[%clk 0:02:48]} 50. Qxb7+ Qd7 {[%clk 0:02:40]} 51. Qxd7+ {[%clk 0:18:51]} Rxd7
{[%clk 0:03:08]} 52. Rxg5 {[%clk 0:19:07]} Bh6 {[%clk 0:03:31]} 53. Rh5
{[%clk 0:17:57]} Bxe3 {[%clk 0:02:55]} 54. Re2 {[%clk 0:12:09]} Bd4
{[%clk 0:03:12]} 55. Rh7+ {[%clk 0:12:19]} Ke6 {[%clk 0:01:31]} 56. Rxe4+
{[%clk 0:12:36]} Kf5 {[%clk 0:01:59]} 57. Ree7 {[%clk 0:09:55]} Rxe7
{[%clk 0:02:27]} 58. Rxe7 {[%clk 0:10:17]} Rh3 {[%clk 0:02:23]} 59. Re2
{[%clk 0:10:20]} Kg4 {[%clk 0:02:28]} 60. Nc7 {[%clk 0:10:22]} Rh7
{[%clk 0:00:43]} 61. Nxa6 {[%clk 0:10:33]} Ra7 {[%clk 0:01:12]} 62. Re6
{[%clk 0:10:50]} Kf5 {[%clk 0:01:36]} 63. Rc6 {[%clk 0:10:05]} Kf4
{[%clk 0:01:52]} 64. Ka3 {[%clk 0:09:49]} Ke3 {[%clk 0:02:13]} 65. b3
{[%clk 0:09:47]} Kd2 {[%clk 0:01:48]} 66. Ka4 {[%clk 0:09:51]} Bc3
{[%clk 0:02:14]} 67. Kb5 {[%clk 0:06:36]} Kc2 {[%clk 0:02:31]} 68. Rc7
{[%clk 0:06:37]} Ra8 {[%clk 0:02:16]} 69. Rh7 {[%clk 0:06:49]} Kxb3
{[%clk 0:00:34]} 70. Nxc5+ {[%clk 0:07:12]} Kc2 {[%clk 0:01:00]} 71. a6
{[%clk 0:07:27]} Bd4 {[%clk 0:01:25]} 72. Na4 {[%clk 0:05:56]} Kd3
{[%clk 0:01:38]} 73. c5 {[%clk 0:06:10]} Rc8 {[%clk 0:01:45]} 74. a7
{[%clk 0:06:19]} 1-0

[Event "Chess Week in Przeworsk"]
[Site "Przeworsk"]
[Date "2022.06.05"]
[Round "4.2"]
[White "Omelja, Artem"]
[Black "Teclaf, Pawel"]
[Result "1/2-1/2"]
[BlackElo "2537"]
[WhiteElo "2515"]
[LiveChessVersion "1.4.8"]

1. d4 {[%clk 1:30:54]} e6 {[%clk 1:30:57]} 2. c4 {[%clk 1:31:13]} b6
{[%clk 1:31:19]} 3. e4 {[%clk 1:31:34]} Bb4+ {[%clk 1:31:45]} 4. Bd2
{[%clk 1:31:54]} Bxd2+ {[%clk 1:32:10]} 5. Qxd2 {[%clk 1:32:13]} d5
{[%clk 1:32:35]} 6. Bd3 {[%clk 1:31:53]} Nc6 {[%clk 1:32:59]} 7. Nf3
{[%clk 1:31:49]} dxe4 {[%clk 1:30:50]} 8. Bxe4 {[%clk 1:32:10]} Bb7
{[%clk 1:31:17]} 9. O-O {[%clk 1:29:26]} Nf6 {[%clk 1:29:40]} 10. Bc2
{[%clk 1:29:46]} O-O {[%clk 1:28:02]} 11. Qc3 {[%clk 1:29:47]} Qd6
{[%clk 1:24:49]} 12. Na3 {[%clk 1:28:38]} Rfd8 {[%clk 1:20:42]} 13. Rad1
{[%clk 1:24:29]} Qb4 {[%clk 1:12:14]} 14. Nb1 {[%clk 1:15:28]} Qxc3
{[%clk 1:01:53]} 15. Nxc3 {[%clk 1:15:50]} Na5 {[%clk 0:57:54]} 16. Ne5
{[%clk 1:15:25]} Nc6 {[%clk 0:58:20]} 17. Nxc6 {[%clk 1:15:22]} Bxc6
{[%clk 0:58:38]} 18. Rd2 {[%clk 1:15:40]} Rd7 {[%clk 0:54:15]} 19. f3
{[%clk 1:16:01]} Rad8 {[%clk 0:53:00]} 20. Rfd1 {[%clk 1:16:20]} a6
{[%clk 0:49:07]} 21. Kf2 {[%clk 1:16:24]} b5 {[%clk 0:45:35]} 22. b3
{[%clk 1:16:38]} bxc4 {[%clk 0:44:23]} 23. bxc4 {[%clk 1:17:01]} Rb8
{[%clk 0:44:47]} 24. Bb3 {[%clk 1:16:36]} Kf8 {[%clk 0:38:35]} 25. Ke3
{[%clk 1:16:55]} h5 {[%clk 0:37:44]} 26. h3 {[%clk 1:14:48]} a5 {[%clk 0:37:16]}
27. Rb1 {[%clk 1:14:58]} Ke7 {[%clk 0:34:13]} 28. Rdb2 {[%clk 1:14:07]} Rbd8
{[%clk 0:34:28]} 29. Ne2 {[%clk 1:12:32]} Ne8 {[%clk 0:28:22]} 30. Bc2
{[%clk 1:12:45]} Nd6 {[%clk 0:27:04]} 31. Bd3 {[%clk 1:13:06]} Nc8
{[%clk 0:26:30]} 32. Rb8 {[%clk 1:11:12]} Nb6 {[%clk 0:25:48]} 33. Rxd8
{[%clk 1:11:21]} Rxd8 {[%clk 0:25:32]} 34. h4 {[%clk 1:11:19]} Rb8
{[%clk 0:05:02]} 35. Nc3 {[%clk 1:11:20]} Rd8 {[%clk 0:05:12]} 36. a3
{[%clk 1:11:16]} Ra8 {[%clk 0:04:33]} 37. c5 {[%clk 1:00:15]} Nd5+
{[%clk 0:03:42]} 38. Nxd5+ {[%clk 1:00:13]} Bxd5 {[%clk 0:03:29]} 39. Be4
{[%clk 1:00:00]} Kd7 {[%clk 0:01:04]} 40. a4 {[%clk 1:28:18]} Bc6
{[%clk 0:30:32]} 41. Bxc6+ {[%clk 1:20:41]} Kxc6 {[%clk 0:30:53]} 42. Rb5
{[%clk 1:21:02]} g6 {[%clk 0:24:31]} 43. Ke4 {[%clk 1:20:01]} f6 {[%clk 0:24:07]}
44. Rb1 {[%clk 1:18:00]} Re8 {[%clk 0:20:17]} 45. Rb5 {[%clk 1:17:50]} Ra8
{[%clk 0:20:20]} 46. Kd3 {[%clk 1:17:24]} Kd5 {[%clk 0:18:09]} 47. Kc3
{[%clk 1:17:36]} Kc6 {[%clk 0:10:58]} 48. Kc4 {[%clk 1:17:55]} Kd7
{[%clk 0:11:00]} 49. Rb7 {[%clk 1:16:04]} Kc6 {[%clk 0:09:54]} 50. Rb2
{[%clk 1:15:51]} Kd7 {[%clk 0:08:55]} 51. d5 {[%clk 1:14:34]} exd5+
{[%clk 0:08:42]} 52. Kxd5 {[%clk 1:14:56]} c6+ {[%clk 0:08:42]} 53. Kc4
{[%clk 1:13:10]} Kc7 {[%clk 0:09:00]} 54. Re2 {[%clk 1:12:44]} Rb8
{[%clk 0:08:56]} 55. Re7+ {[%clk 1:12:32]} Kd8 {[%clk 0:09:23]} 56. Re6
{[%clk 1:12:49]} Rb4+ {[%clk 0:09:50]} 57. Kc3 {[%clk 1:13:09]} Rxh4
{[%clk 0:08:09]} 58. Rxf6 {[%clk 1:12:44]} g5 {[%clk 0:05:51]} 59. Rxc6
{[%clk 1:08:51]} 1/2-1/2